000
00266nam a2200109Ia 4500
008
200302s9999 xx 000 0 und d
100
_a
Ric Burns & Others
245
_a
New York An Illustrated History
260
_b
Alfred A. Knopf
260
_c
1999
300
_a
575 P.,
999
_c
1620
_d
1620